Asociatividad, cooperación empresarial y exportación Pyme (Registro nro. 1611)

Detalles MARC
000 -LEADER
fixed length control field 01885 a2200217 4500
001 - CONTROL NUMBER
control field 27624
005 - DATE AND TIME OF LATEST TRANSACTION
control field 20260407155550.0
008 - FIXED-LENGTH DATA ELEMENTS--GENERAL INFORMATION
fixed length control field 260407a2005 arg spa d
003 - CONTROL NUMBER IDENTIFIER
control field AR-UNSa-BCEJYS
040 ## - CATALOGING SOURCE
Original cataloging agency AR-UNSa-BCEJYS
Language of cataloging spa
Transcribing agency AR-UNSa-BCEJYS
080 ## - UNIVERSAL DECIMAL CLASSIFICATION NUMBER
Universal Decimal Classification number 658.11
Common auxiliary subdivision Clases y formas de las empresas( pequeñas y medianas empresas...Pymes)
020 ## - INTERNATIONAL STANDARD BOOK NUMBER
International Standard Book Number 987-20715-2-7
100 1# - MAIN ENTRY--PERSONAL NAME
Personal name Seminario Internacional Asociatividad, cooperación empresarial y exportación Pyme: experiencias recientes en América Latina y Europa (2004 : Buenos Aires)
245 10 - TITLE STATEMENT
Title Asociatividad, cooperación empresarial y exportación Pyme
Name of part/section of a work experiencias recientes en América Latina y Europa
264 #1 - PRODUCTION, PUBLICATION, DISTRIBUTION, MANUFACTURE, AND COPYRIGHT NOTICE
Place of production, publication, distribution, manufacture Buenos Aires :
Name of producer, publisher, distributor, manufacturer CEPAL
Date of production, publication, distribution, manufacture, or copyright notice 2005
300 ## - PHYSICAL DESCRIPTION
Extent 109 p.
Dimensions 22 cm.
505 ## - FORMATTED CONTENTS NOTE
Formatted contents note 1. Experiencias recientes en materia de consorcios y asociatividad empresarial exportadora: formatos, instrumentos y aprendizaje empresarial - 2. Experiencias recientes en materia de consorcios y asociatividad empresarial: formatos, instrumentos y aprendizaje empresarial - 3. Redes empresariales, tramas productivas políticas de fomento a la competitividad Pyme. Las grandes empresas industriales y el desarrollo de las redes de clientes y/o proveedores Pyme. Experiencias recientes, aprendizaje institucional y lecciones para la política pública - 4. La asociatividad empresarial y la dimensión territorial. El papel de los vínculos regionales y territoriales en el desarrollo de sinergias interempresariales y entornos procompetitivos. El rol de las instituciones locales (públicas y privadas) - 5. Asociatividad, redes microeconómicas y fomento a la competitividad de las Pyme en el MERCOSUR
590 ## - LOCAL NOTE (RLIN)
Local note niveau_biblio:m niveau_hierar:0
856 41 - ELECTRONIC LOCATION AND ACCESS
Uniform Resource Identifier <a href="https://biblioeco.unsa.edu.ar/pmb/images/libros/Asociatividad,Cooperaci?n Empresarial y Exportaci?n PyME-l117930.jpg">https://biblioeco.unsa.edu.ar/pmb/images/libros/Asociatividad,Cooperaci?n Empresarial y Exportaci?n PyME-l117930.jpg</a>
Link text Imagen de portada
Electronic format type image/jpeg
942 ## - ADDED ENTRY ELEMENTS (KOHA)
Koha item type
Existencias
Withdrawn status Lost status Damaged status Not for loan Home library Current library Shelving location Date acquired Total checkouts Full call number Barcode Date last seen Price effective from Koha item type
        Biblioteca Prof. Eusebio Cleto del Rey Biblioteca Prof. Eusebio Cleto del Rey   07/04/2026   658.11 S471 L117930 07/04/2026 07/04/2026 Libro